000
00330nam a2200145Ia 4500
008
240112s2017 xx 000 0 und d
022
_a
9723919
041
_a
eng
082
_a
616.0757
100
_a
QUADE
245
_a
INDIAN JOU. OF NUCLEAR MEDICINE
260
_b
PUB MED
_c
2017
300
_a
1-384HB
_c
1-4
440
_v
32
999
_c
1145107
_d
1145107